[Event "FRA-ch U14 Girls"]
[Site "Agen"]
[Date "2024.04.19"]
[Round "7"]
[White "Pauly, Juliette"]
[Black "Ourry, Elina"]
[Result "1-0"]
[WhiteElo "1617"]
[BlackElo "1678"]
[PlyCount "41"]
[EventDate "2024.04.14"]
[EventType "swiss"]
[EventRounds "9"]
[EventCountry "FRA"]
[SourceTitle "EXT 2025"]
[Source "ChessBase"]
[SourceDate "2024.10.14"]
[SourceVersion "1"]
[SourceVersionDate "2024.10.14"]
[SourceQuality "1"]

1. d4 d5 2. c4 dxc4 3. e4 e5 4. Nf3 exd4 5. Bxc4 Nc6 6. Qb3 Qe7 7. 0-0 h6 8. Bf4 b6 9. Bb5 Bd7 10. Rc1 Na5 11. Qd5 c6 12. Bxc6 Rc8 13. Bxd7+ Qxd7 14. Rxc8+ Qxc8 15. Qxd4 Nf6 16. Nc3 Be7 17. Rc1 Qb7 18. Nd5 Nxd5 19. exd5 Bf6 20. Qe4+ Qe7 21. Rc8+ 1-0

[Event "FRA-ch U14 Girls"]
[Site "Agen"]
[Date "2024.04.18"]
[Round "6"]
[White "Ourry, Elina"]
[Black "Bernard, Ines"]
[Result "0-1"]
[WhiteElo "1678"]
[BlackElo "1981"]
[PlyCount "112"]
[EventDate "2024.04.14"]
[EventType "swiss"]
[EventRounds "9"]
[EventCountry "FRA"]
[SourceTitle "EXT 2025"]
[Source "ChessBase"]
[SourceDate "2024.10.14"]
[SourceVersion "1"]
[SourceVersionDate "2024.10.14"]
[SourceQuality "1"]

1. d4 d5 2. c4 c6 3. Nf3 Nf6 4. Nc3 a6 5. e3 e6 6. Qc2 Nbd7 7. Bd3 dxc4 8. Bxc4 b5 9. Bd3 c5 10. b3 Bb7 11. Ne4 Rc8 12. Qb1 cxd4 13. 0-0 Bb4 14. Nxd4 Bxe4 15. Bxe4 Bc3 16. Bb7 Bxa1 17. Bxc8 Bxd4 18. Bxd7+ Nxd7 19. exd4 0-0 20. Bb2 Nb6 21. Qe4 Nd5 22. Rc1 h6 23. h3 Qg5 24. a3 Rd8 25. Rc5 Qd2 26. Rc2 Qd1+ 27. Kh2 Nf4 28. b4 Nd3 29. Qe2 Nxb2 30. Rxb2 Qxd4 31. Rc2 Qd3 32. Qxd3 Rxd3 33. Ra2 Kh7 34. g3 Kg6 35. h4 Kf5 36. Kg2 h5 37. Kf1 Ke4 38. Ke2 f6 39. Ra1 e5 40. Ra2 g6 41. Ra1 f5 42. Ra2 f4 43. gxf4 exf4 44. Rc2 Rxa3 45. Rc6 Ra2+ 46. Kf1 Kf3 47. Rc3+ Kg4 48. Rc6 f3 49. Rxg6+ Kxh4 50. Kg1 Ra1+ 51. Kh2 Rf1 52. Rxa6 Rxf2+ 53. Kg1 Rb2 54. Rf6 Kg4 55. Rg6+ Kf5 56. Rg8 Rg2+ 0-1